Sports Quiz

Random Sports or Letter Quiz

Common US College Nicknames (A-Z) Quiz Stats

 Plays Quiz Updated Oct 11, 2018

Score 0/25 Timer 06:00
21 Plays Today
Letter Nickname % Correct
TTigers (13)
77%
WWildcats (9)
71.7%
LLions (3)
62.9%
BBulldogs (14)
62.5%
EEagles (10)
59.3%
CCougars (6)
43.5%
PPanthers (7)
41.7%
SSpartans (5)
38.5%
AAggies (5)
37.6%
HHuskies (5)
36.4%
ZZips (1)
36.4%
FFalcons (2) or Flames (2)
33.3%
JJaguars (3)
32.5%
Letter Nickname % Correct
KKnights (2)
28.4%
UUtes (1)
27.4%
OOwls (4)
25.6%
QQuakers (1)
22.2%
YYellow Jackets (1)
22%
RRams (5)
16.6%
MMountaineers (3)
15%
VVikings (2)
13.6%
GGolden Eagles (4)
11.5%
NNittany Lions (1)
11.5%
DDukes (2)
5.8%
IIslanders (1)
3.9%

You're not logged in!

Compare scores with friends on all Sporcle quizzes.
OR
Log In

Sporcle TV

Today on Sporcle TV


Watch our educational content, quiz creation guides, and fun videos on Sporcle TV.

Show Comments

Extras

Top Quizzes Today


Score Distribution

Your Account Isn't Verified!

In order to create a playlist on Sporcle, you need to verify the email address you used during registration. Go to your Sporcle Settings to finish the process.

Report this User

Report this user for behavior that violates our Community Guidelines.

Details: